Представление документа в формате MARC21

ПолеНазваниеЗначение
  Тип записи a
  Библиографический уровень m
001 Контрольный номер BIBLIOCLUB\0000721374
005 Дата корректировки 20260430154905.2
006 m o d
007 Элементы данных для физической характеристики c|||||||||||||
008 Кодируемые данные s2024 rus o rus d
020 Индекс ISBN __
a ISBN 978-5-00172-680-7
041 Код языка издания 0_
a Код языка текста rus
084 Индекс другой классификации/Индекс ББК __
a Индекс другой классификации/Индекс ББК 32.972.131.4я73
b Номер единицы LBC/PL
2 Источник индекса rubbk
084 Индекс другой классификации/Индекс ББК __
a Индекс другой классификации/Индекс ББК 65.291.216с51я73
b Номер единицы LBC/PL
2 Источник индекса rubbk
245 Заглавие 10
a Заглавие Оптимизация и управление бизнес-процессами организации с использованием инструментов Microsoft Excel
b Продолж. заглавия учебное пособие
c Ответственность А. Р. Цогоева, А. Ю. Цогоев, М. Ч. Датиева, М. В. Волик
c Ответственность Финансовый университет при Правительстве Российской Федерации
c Ответственность Владикавказский филиал Финуниверситета
c Ответственность Кафедра «Математика и информатика»
260 Выходные данные __
a Место издания Москва
b Издательство Прометей
c Дата издания 2024
300 Физическое описание __
a Объем 100 с.
b Иллюстрации/ тип воспроизводства ил., табл.
504 Библиография __
a Библиография Библиогр. в кн
653 Ключевые слова 1_
a Ключевые слова Учебник для высшей школы
700 Другие авторы _1
a Другие авторы Волик М. В.
700 Другие авторы _1
a Другие авторы Датиева М. Ч.
700 Другие авторы _1
a Другие авторы Цогоев А. Ю.
700 Другие авторы _1
a Другие авторы Цогоева А. Р.
856 Электронный адрес документа 40
3 Область применения данных поля Университетская библиотека ONLINE
u URL https://biblioclub.ru/index.php?page=book&id=721374
900 Электронные ресурсы __
a Имя электронного ресурса https://img.biblioclub.ru/sm_cover/2f16f6e6d045938b0a692e0b5b6f8a343g729w1peg/cover.jpg